Fundamental logic / (Record no. 99155)
[ view plain ]
| 000 -LEADER | |
|---|---|
| fixed length control field | 00855nam a22002417i 4500 |
| 003 - CONTROL NUMBER IDENTIFIER | |
| control field | URS |
| 005 - DATE AND TIME OF LATEST TRANSACTION | |
| control field | 20260323090652.0 |
| 008 - FIXED-LENGTH DATA ELEMENTS--GENERAL INFORMATION | |
| fixed length control field | 180917s1973 ph ||||| |||| 00| 0 eng | |
| 040 ## - CATALOGING SOURCE | |
| Language of cataloging | eng |
| Transcribing agency | URS |
| Description conventions | rda |
| 050 10 - LIBRARY OF CONGRESS CALL NUMBER | |
| Classification number | BC 39.5 |
| Item number | P65 1973 |
| 100 1# - MAIN ENTRY--PERSONAL NAME | |
| Personal name | Piñon, Manuel T., |
| Relator term | author |
| 245 10 - TITLE STATEMENT | |
| Title | Fundamental logic / |
| Statement of responsibility, etc. | Manuel T. Piñon |
| 264 #1 - PRODUCTION, PUBLICATION, DISTRIBUTION, MANUFACTURE, AND COPYRIGHT NOTICE | |
| Place of production, publication, distribution, manufacture | Manila, Philippines : |
| Name of producer, publisher, distributor, manufacturer | University of Santo Thomas, |
| Date of production, publication, distribution, manufacture, or copyright notice | [date of publication not identified] |
| 264 #4 - PRODUCTION, PUBLICATION, DISTRIBUTION, MANUFACTURE, AND COPYRIGHT NOTICE | |
| Date of production, publication, distribution, manufacture, or copyright notice | ©1973 |
| 300 ## - PHYSICAL DESCRIPTION | |
| Extent | xiv, 324 pages ; |
| Dimensions | 22 cm |
| 336 ## - CONTENT TYPE | |
| Source | rdacontent |
| Content type term | text |
| Content type code | txt |
| 337 ## - MEDIA TYPE | |
| Source | rdamedia |
| Media type term | unmediated |
| Media type code | n |
| 338 ## - CARRIER TYPE | |
| Source | rdacarrier |
| Carrier type term | volume |
| Carrier type code | nc |
| 504 ## - BIBLIOGRAPHY, ETC. NOTE | |
| Bibliography, etc. note | Includes bibliographical references. |
| 524 ## - PREFERRED CITATION OF DESCRIBED MATERIALS NOTE | |
| Preferred citation of described materials note | Piñon, M. T. (1973). Fundamental logic. Manila, Philippines: University of Santo Thomas. |
| 650 #0 - SUBJECT ADDED ENTRY--TOPICAL TERM | |
| Topical term or geographic name entry element | Logic |
| General subdivision | General works, treatises, and advanced textbooks. |
| 942 ## - ADDED ENTRY ELEMENTS (KOHA) | |
| Source of classification or shelving scheme | Library of Congress Classification |
| Koha item type | Filipiniana |
| Withdrawn status | Source of classification or shelving scheme | Damaged status | Not for loan | Home library | Current library | Date acquired | Total Checkouts | Full call number | Barcode | Date last seen | Copy number | Price effective from | Koha item type |
|---|---|---|---|---|---|---|---|---|---|---|---|---|---|
| Library of Congress Classification | Binangonan College Library | Binangonan College Library | 03/17/2026 | FIL BC 39.5 P65 1973 c.4 | URSBIN-F2469 | 03/17/2026 | 4 | 03/17/2026 | Filipiniana | ||||
| Library of Congress Classification | Binangonan College Library | Binangonan College Library | 03/17/2026 | FIL BC 39.5 P65 1973 c.3 | URSBIN-F0278 | 03/17/2026 | 3 | 03/17/2026 | Filipiniana | ||||
| Library of Congress Classification | Binangonan College Library | Binangonan College Library | 03/17/2026 | FIL BC 39.5 P65 1973 c.2 | URSBIN-F2470 | 03/17/2026 | 2 | 03/17/2026 | Filipiniana | ||||
| Library of Congress Classification | Binangonan College Library | Binangonan College Library | 03/17/2026 | FIL BC 39.5 P65 1973 | URSBIN-F0277 | 03/17/2026 | 1 | 03/17/2026 | Filipiniana |